| 000 | 00866nas a2200265 4500 | ||
|---|---|---|---|
| 001 | BR0000583 | ||
| 003 | BR-BrBNA | ||
| 005 | 20231205101702.0 | ||
| 007 | ta | ||
| 008 | 230509b bl.|||p| |||| 00| 00por d | ||
| 040 |
_aBR-BrBNA _bpor _cBiblioteca Nacional de Agricultura |
||
| 041 | _a(Pt) | ||
| 072 | _aL73 | ||
| 100 | 1 | _aSouza, C.P. de | |
| 100 | 1 | _aPassos, L.K.J. | |
| 100 | 1 | _aCarvalho, O. dos S. | |
| 245 | 1 | _aResistencia de Biomphalaria peregrina de Santa Rita do Sapucai, Minas Gerais, a infeccao com tres cepas de Schistosoma mansoni | |
| 650 | _aCaramujo | ||
| 650 | _aTransmissao de Doenca | ||
| 650 | _aEsquistossomose | ||
| 650 | _aMinas Gerais | ||
| 773 | 0 |
_tMemorias do Instituto Oswaldo Cruz (Brazil) _xISSN 0074-0276 _g(Oct-Dec 1998), v. 83(4) p. 447-450 _wBR0000583 |
|
| 909 |
_a202311 _bLúcia _c55 _dLúcia Elande |
||
| 942 |
_2AGRIS _n0 _cANA |
||
| 999 |
_c163262 _d163262 |
||